[Event "Pardubice Region-chT 2223"]
[Site "Czech Republic"]
[Date "2022.11.13"]
[Round "3.4"]
[White "Horak, Vojtech"]
[Black "Kotva, Milan"]
[Result "1-0"]
[WhiteElo "1634"]
[BlackElo "1775"]
[PlyCount "93"]
[EventDate "2022.10.09"]
[EventType "team-tourn"]
[EventRounds "11"]
[EventCountry "CZE"]
[SourceTitle "EXT 2024"]
[Source "ChessBase"]
[SourceDate "2023.10.10"]
[SourceVersion "1"]
[SourceVersionDate "2023.10.10"]
[SourceQuality "1"]

1. e4 e5 2. Nf3 Nc6 3. Bb5 a6 4. Ba4 Nf6 5. 0-0 Be7 6. Re1 b5 7. Bb3 0-0 8. c3 d5 9. exd5 Nxd5 10. Nxe5 Nxe5 11. Rxe5 c6 12. d4 Bd6 13. Re1 Qh4 14. g3 Qh3 15. Qd3 Bf5 16. Qf1 Qh5 17. Be3 Bh3 18. Qe2 Bg4 19. Qf1 f5 20. f4 Rae8 21. Nd2 Kh8 22. Qf2 Nxe3 23. Rxe3 Rxe3 24. Qxe3 Re8 25. Be6 Re7 26. Re1 Qe8 27. Kf2 g5 28. d5 c5 29. c4 Qh5 30. Qc3+ Rg7 31. Nf1 gxf4 32. Bd7 fxg3+ 33. hxg3 h6 34. Be8 Qg5 35. Re6 b4 36. Qf6 Qxf6 37. Rxf6 Be5 38. Rxh6+ Kg8 39. b3 Kf8 40. Bh5 Bd4+ 41. Kg2 f4 42. Bxg4 Rxg4 43. Rh4 Rxh4 44. gxh4 Bf6 45. h5 Kg7 46. Kf3 Bg5 47. Nd2 1-0

[Event "Pardubice Region-chT 2223"]
[Site "Czech Republic"]
[Date "2022.10.09"]
[Round "1.6"]
[White "Pokorny, Jan"]
[Black "Kotva, Milan"]
[Result "1-0"]
[WhiteElo "1917"]
[BlackElo "1775"]
[PlyCount "87"]
[EventDate "2022.10.09"]
[EventType "team-tourn"]
[EventRounds "11"]
[EventCountry "CZE"]
[SourceTitle "EXT 2024"]
[Source "ChessBase"]
[SourceDate "2023.10.10"]
[SourceVersion "1"]
[SourceVersionDate "2023.10.10"]
[SourceQuality "1"]

1. e4 e5 2. Nf3 Nc6 3. Nc3 Nf6 4. Bb5 d6 5. d4 exd4 6. Qxd4 Bd7 7. Bxc6 Bxc6 8. Bg5 Be7 9. 0-0-0 0-0 10. Rhe1 Nd7 11. Bxe7 Qxe7 12. Kb1 Ne5 13. Nd5 Bxd5 14. exd5 Rfe8 15. Qf4 Qf6 16. Qxf6 gxf6 17. Nd4 a6 18. h3 Ng6 19. g3 Kf8 20. f4 b5 21. Nf5 Rxe1 22. Rxe1 Re8 23. Rxe8+ Kxe8 24. c3 Kd7 25. Kc2 c6 26. dxc6+ Kxc6 27. Kd3 Kd7 28. Ke4 Ke6 29. Nd4+ Ke7 30. Kd5 Kd7 31. Nf5 h5 32. h4 Ne7+ 33. Nxe7 Kxe7 34. f5 Kd7 35. b4 Kc7 36. c4 bxc4 37. Kxc4 Kc6 38. a4 d5+ 39. Kd4 Kd6 40. b5 a5 41. b6 Kc6 42. b7 Kxb7 43. Kxd5 Kb6 44. Kd6 1-0

[Event "Olomouc Seniors op"]
[Site "Olomouc"]
[Date "2022.08.19"]
[Round "8"]
[White "Navratil, Jiri"]
[Black "Kotva, Milan"]
[Result "1/2-1/2"]
[WhiteElo "1898"]
[BlackElo "1829"]
[PlyCount "73"]
[EventDate "2022.08.13"]
[EventType "swiss"]
[EventRounds "9"]
[EventCountry "CZE"]
[SourceTitle "CBM 209 Extra"]
[Source "ChessBase"]
[SourceDate "2022.09.30"]
[SourceVersion "1"]
[SourceVersionDate "2022.09.30"]
[SourceQuality "1"]

1. d4 Nf6 2. Nf3 c6 3. Bf4 Qb6 4. Qc1 d5 5. Nbd2 Bf5 6. e3 Nbd7 7. h3 e6 8. Nh4 Be7 9. Nxf5 exf5 10. Bd3 g6 11. a3 Ne4 12. c3 0-0 13. f3 Bh4+ 14. Ke2 Ng3+ 15. Bxg3 Bxg3 16. Nf1 Qc7 17. f4 Bh4 18. g3 Bf6 19. g4 Rfe8 20. gxf5 Qxf4 21. fxg6 fxg6 22. Rh2 c5 23. Kd2 Qd6 24. Qd1 cxd4 25. exd4 Rac8 26. Qg4 Bg7 27. Re1 Nf6 28. Qf3 Rf8 29. Qg3 Bh6+ 30. Kc2 Bf4 31. Qg2 Bxh2 32. Nxh2 Nh5 33. Ng4 Kh8 34. Ne5 Rf6 35. Qg4 Rd8 36. Kb1 Nf4 37. Bc2 1/2-1/2

[Event "Pardubice rapid op 33rd"]
[Site "Pardubice"]
[Date "2022.07.21"]
[Round "8"]
[White "Kroulik, Vaclav"]
[Black "Kotva, Milan"]
[Result "1/2-1/2"]
[WhiteElo "1749"]
[BlackElo "1833"]
[PlyCount "70"]
[EventDate "2022.07.20"]
[EventType "swiss (rapid)"]
[EventRounds "9"]
[EventCountry "CZE"]
[SourceTitle "CBM 209 Extra"]
[Source "ChessBase"]
[SourceDate "2022.09.30"]
[SourceVersion "1"]
[SourceVersionDate "2022.09.30"]
[SourceQuality "1"]

1. e4 e5 2. Nf3 Nc6 3. d4 exd4 4. Nxd4 Bc5 5. Be3 Qf6 6. c3 Nge7 7. Be2 0-0 8. 0-0 d5 9. Nxc6 Qxc6 10. exd5 Nxd5 11. Bxc5 Qxc5 12. Nd2 Be6 13. Qc2 Nf4 14. Bf3 c6 15. Ne4 Qb6 16. Ng5 g6 17. Qa4 Qc7 18. Rfe1 Bd5 19. Bxd5 Nxd5 20. Qh4 h5 21. c4 Qf4 22. Qxf4 Nxf4 23. Re7 f6 24. Ne4 Rf7 25. Rxf7 Kxf7 26. Rd1 f5 27. Nc5 b6 28. Nb3 Re8 29. Kf1 Re7 30. g3 Ne6 31. Rd6 c5 32. f3 Ng5 33. Kf2 Nh3+ 34. Kg2 Ng5 35. Kf2 Nh3+ 1/2-1/2

[Event "Pardubice rapid op 33rd"]
[Site "Pardubice"]
[Date "2022.07.21"]
[Round "6"]
[White "Voldanova, Barbora"]
[Black "Kotva, Milan"]
[Result "0-1"]
[WhiteElo "1438"]
[BlackElo "1833"]
[PlyCount "64"]
[EventDate "2022.07.20"]
[EventType "swiss (rapid)"]
[EventRounds "9"]
[EventCountry "CZE"]
[SourceTitle "CBM 209 Extra"]
[Source "ChessBase"]
[SourceDate "2022.09.30"]
[SourceVersion "1"]
[SourceVersionDate "2022.09.30"]
[SourceQuality "1"]

1. d4 d5 2. e3 Nf6 3. b3 a5 4. Bb2 e6 5. Nf3 a4 6. a3 axb3 7. cxb3 Bd6 8. Ne5 Nbd7 9. Bd3 0-0 10. 0-0 h6 11. f4 c5 12. dxc5 Nxc5 13. b4 Nxd3 14. Qxd3 b6 15. Nd2 Bb7 16. Nb3 Qe8 17. Qd4 Bxe5 18. Qxe5 Qb5 19. Qc7 Qc6 20. Qxc6 Bxc6 21. Bxf6 gxf6 22. Rac1 Bb5 23. Rf3 Rxa3 24. Nd4 Bd3 25. Rc6 Rb8 26. f5 Ra1+ 27. Kf2 Rf1+ 28. Kg3 Rxf3+ 29. Kxf3 e5 30. Ne2 Bxf5 31. Rxf6 Be4+ 32. Kg3 Kg7 0-1

[Event "Harrachov op"]
[Site "Prichovice"]
[Date "2019.11.02"]
[Round "9"]
[White "Kotva, Milan"]
[Black "Zizka, Petr"]
[Result "0-1"]
[WhiteElo "1906"]
[BlackElo "2128"]
[PlyCount "60"]
[EventDate "2019.10.26"]
[EventType "swiss"]
[EventRounds "9"]
[EventCountry "CZE"]
[SourceTitle "CBM 192 Extra"]
[Source "Chessbase"]
[SourceDate "2019.11.06"]
[SourceVersion "1"]
[SourceVersionDate "2019.11.06"]
[SourceQuality "1"]

1. d4 Nf6 2. Nf3 g6 3. c4 Bg7 4. Nc3 0-0 5. e4 d6 6. Be2 e5 7. 0-0 Nc6 8. d5 Ne7 9. Ne1 Ne8 10. Be3 f5 11. f3 f4 12. Bf2 g5 13. c5 Ng6 14. cxd6 cxd6 15. Rc1 Rf7 16. b4 h5 17. a4 Nf6 18. Nb5 a6 19. Na3 g4 20. Nc4 g3 21. hxg3 fxg3 22. Bxg3 Bh6 23. Rc2 Rg7 24. Bf2 Nf4 25. Kh1 h4 26. Ne3 N6h5 27. Rxc8 Rxc8 28. Nf5 Ng3+ 29. Bxg3 hxg3 30. Nd3 Qg5 0-1

[Event "Valasska Bystrice op 11th"]
[Site "Valasska Bystrice"]
[Date "2019.09.11"]
[Round "6"]
[White "Otruba, Marek"]
[Black "Kotva, Milan"]
[Result "1-0"]
[WhiteElo "2133"]
[BlackElo "1926"]
[PlyCount "35"]
[EventDate "2019.09.07"]
[EventType "swiss"]
[EventRounds "9"]
[EventCountry "CZE"]
[SourceTitle "EXT 2020"]
[Source "ChessBase"]
[SourceDate "2019.10.17"]
[SourceVersion "1"]
[SourceVersionDate "2019.10.17"]
[SourceQuality "1"]

1. e4 e5 2. f4 Bc5 3. Nf3 d6 4. c3 Qe7 5. b4 Bb6 6. fxe5 dxe5 7. Na3 Nf6 8. Nc4 Nxe4 9. Nxb6 axb6 10. Bd3 Nd6 11. 0-0 0-0 12. Re1 e4 13. Bc2 f5 14. d3 Qf6 15. Ng5 exd3 16. Bb3+ Kh8 17. Nxh7 Qxc3 18. Nxf8 1-0

[Event "Valasska Bystrice op 11th"]
[Site "Valasska Bystrice"]
[Date "2019.09.08"]
[Round "3"]
[White "Kotva, Milan"]
[Black "Jerabkova, Julia"]
[Result "1-0"]
[WhiteElo "1926"]
[BlackElo "1704"]
[PlyCount "125"]
[EventDate "2019.09.07"]
[EventType "swiss"]
[EventRounds "9"]
[EventCountry "CZE"]
[SourceTitle "EXT 2020"]
[Source "ChessBase"]
[SourceDate "2019.10.17"]
[SourceVersion "1"]
[SourceVersionDate "2019.10.17"]
[SourceQuality "1"]

1. e4 c6 2. d4 d5 3. exd5 cxd5 4. Bd3 Nf6 5. Nf3 Nc6 6. c3 Bg4 7. Qb3 Qc7 8. Nbd2 e6 9. 0-0 Bd6 10. h3 Bh5 11. Re1 Bg6 12. Bf1 0-0 13. Nh4 Bh5 14. Bd3 Bf4 15. Nf1 Bxc1 16. Raxc1 Rab8 17. Ng3 Qf4 18. Nxh5 Nxh5 19. Nf3 Qf6 20. Qc2 h6 21. Nh2 Nf4 22. Bf1 Rbc8 23. Qd1 Rc7 24. Ng4 Qe7 25. Qd2 Ng6 26. Bd3 h5 27. Nh2 Qf6 28. Re3 Qg5 29. Rd1 Nce7 30. Nf3 Qh6 31. g3 Rfc8 32. h4 Nf8 33. Ng5 g6 34. Nxf7 Kxf7 35. Rf3+ Kg7 36. Rf7+ Kxf7 37. Qxh6 Ng8 38. Qf4+ Nf6 39. f3 Kg7 40. Re1 Rf7 41. Qg5 Re8 42. Kg2 b6 43. a4 Ree7 44. Qe5 Kg8 45. b3 N6d7 46. Qd6 Nf6 47. Bb5 Ne8 48. Qb8 Nf6 49. c4 Kg7 50. Qe5 Kg8 51. c5 bxc5 52. dxc5 Rc7 53. b4 a5 54. c6 axb4 55. Rb1 Ne8 56. Rxb4 Rf5 57. Qe3 Nd6 58. Bd3 Rff7 59. Qc5 Nc8 60. a5 Na7 61. Rb6 Nc8 62. Rb8 Na7 63. Bxg6 1-0

[Event "Valasska Bystrice op 11th"]
[Site "Valasska Bystrice"]
[Date "2019.09.08"]
[Round "2"]
[White "Lys, Josef"]
[Black "Kotva, Milan"]
[Result "1-0"]
[WhiteElo "2177"]
[BlackElo "1926"]
[PlyCount "101"]
[EventDate "2019.09.07"]
[EventType "swiss"]
[EventRounds "9"]
[EventCountry "CZE"]
[SourceTitle "EXT 2020"]
[Source "ChessBase"]
[SourceDate "2019.10.17"]
[SourceVersion "1"]
[SourceVersionDate "2019.10.17"]
[SourceQuality "1"]

1. d4 d5 2. c4 c6 3. e3 Nf6 4. Nc3 a6 5. a4 a5 6. Nf3 Na6 7. Ne5 Nb4 8. Be2 Bf5 9. 0-0 e6 10. f3 Be7 11. e4 Bg6 12. Be3 0-0 13. Qb3 Qc7 14. Rac1 Rfd8 15. Rfd1 b6 16. cxd5 exd5 17. Nxd5 Nfxd5 18. exd5 Rxd5 19. Nxc6 Qb7 20. Bb5 Rh5 21. Nxb4 axb4 22. Bc6 Qb8 23. f4 Ra7 24. Bf3 Rha5 25. Qc4 Bf5 26. b3 Bd6 27. Qe2 Re7 28. Qd2 g5 29. d5 g4 30. Be2 Qe8 31. Kf2 Be4 32. Bc4 Bxg2 33. Bxb6 Bf3 34. Re1 Ra8 35. Bd4 f5 36. Re6 Qh5 37. Kg1 Rxe6 38. dxe6 Be7 39. Bf2 Rd8 40. Qe3 Qh6 41. Qe5 Qf8 42. Bd4 Rxd4 43. Qxd4 h5 44. Bf1 Bf6 45. Qd7 Be7 46. Bb5 Bc5+ 47. Kf1 Qd6 48. Qf7+ Kh8 49. Qxh5+ Kg8 50. Qe8+ Kg7 51. Qd7+ 1-0

[Event "Wch Seniors 65 26th"]
[Site "Marianske Lazne"]
[Date "2016.11.30"]
[Round "11"]
[White "Auvinen, Esa"]
[Black "Kotva, Milan"]
[Result "1-0"]
[WhiteElo "1887"]
[BlackElo "1999"]
[PlyCount "64"]
[EventDate "2016.11.19"]
[EventType "swiss"]
[EventRounds "11"]
[EventCountry "CZE"]
[SourceTitle "EXT 2023"]
[Source "ChessBase"]
[SourceDate "2022.10.05"]
[SourceVersion "1"]
[SourceVersionDate "2022.10.05"]
[SourceQuality "1"]

1. e4 e5 2. Nf3 Nc6 3. Bb5 a6 4. Bxc6 dxc6 5. d4 f6 6. dxe5 Qe7 7. exf6 Qxe4+ 8. Qe2 Qxe2+ 9. Kxe2 Nxf6 10. Re1 Bd6 11. Kf1+ Kf8 12. Bg5 Bd7 13. Nbd2 h6 14. Bh4 c5 15. Bg3 Rd8 16. Kg1 Bf5 17. c3 b5 18. Rad1 Bg4 19. Ne4 Nxe4 20. Rxe4 Bxf3 21. gxf3 Kf7 22. Ree1 Rd7 23. Kg2 b4 24. cxb4 Rb8 25. bxc5 Bxg3 26. hxg3 Rxb2 27. Re2 Rxe2 28. Rxd7+ Re7 29. Rd2 Re5 30. Rc2 Ke6 31. Rc1 a5 32. Kf1 g5 1-0

[Event "Wch Seniors 65 26th"]
[Site "Marianske Lazne"]
[Date "2016.11.28"]
[Round "9"]
[White "Sejkora, Vlastimil"]
[Black "Kotva, Milan"]
[Result "1-0"]
[WhiteElo "2195"]
[BlackElo "1999"]
[PlyCount "69"]
[EventDate "2016.11.19"]
[EventType "swiss"]
[EventRounds "11"]
[EventCountry "CZE"]
[SourceTitle "CBM 175 Extra"]
[Source "ChessBase"]
[SourceDate "2016.12.12"]
[SourceVersion "1"]
[SourceVersionDate "2016.12.12"]
[SourceQuality "1"]

1. e4 e5 2. Nf3 Nc6 3. Bb5 a6 4. Bxc6 dxc6 5. 0-0 f6 6. d4 Bg4 7. c3 Bd6 8. Be3 Qd7 9. Nbd2 Ne7 10. h3 Be6 11. Qe2 0-0 12. Rfd1 Ng6 13. dxe5 Nxe5 14. Nd4 Bf7 15. f4 Ng6 16. Qf2 Rfe8 17. Nf5 Rad8 18. Qf3 c5 19. Nxd6 cxd6 20. c4 b5 21. b3 f5 22. cxb5 axb5 23. exf5 Qxf5 24. g4 Qc8 25. Rac1 Nh4 26. Qg3 Qa8 27. Nf1 Ng6 28. Rd2 Ne7 29. f5 Qe4 30. Bg5 Qc6 31. Re1 Rd7 32. Rde2 Qb7 33. Qh4 Kf8 34. f6 Ng6 35. Qxh7 1-0

[Event "Hradec Kralove op 7th"]
[Site "Hradec Kralove"]
[Date "2016.10.04"]
[Round "4"]
[White "Kotva, Milan"]
[Black "Golcman, Evgeny"]
[Result "0-1"]
[WhiteElo "2001"]
[BlackElo "2175"]
[PlyCount "58"]
[EventDate "2016.10.01"]
[EventType "swiss"]
[EventRounds "9"]
[EventCountry "CZE"]
[SourceTitle "EXT 2017"]
[Source "ChessBase"]
[SourceDate "2016.10.25"]
[SourceVersion "1"]
[SourceVersionDate "2016.10.25"]
[SourceQuality "1"]

1. e4 c5 2. Nf3 Nc6 3. c3 Nf6 4. e5 Nd5 5. d4 cxd4 6. cxd4 d6 7. exd6 Qxd6 8. Be2 g6 9. 0-0 Bg7 10. Nc3 0-0 11. Be3 Bf5 12. Nxd5 Qxd5 13. Qd2 Rfe8 14. Rfd1 Be4 15. Rac1 Rac8 16. Ng5 Nb8 17. Nxe4 Qxe4 18. Bf3 Qe6 19. Rxc8 Qxc8 20. Rc1 Qd7 21. d5 b6 22. Bf4 Rc8 23. Rxc8+ Qxc8 24. d6 exd6 25. Qxd6 Nd7 26. Bg4 Qe8 27. g3 Nf8 28. b4 Qe4 29. a3 g5 0-1

[Event "Klatovy op-B 22nd"]
[Site "Klatovy"]
[Date "2016.07.07"]
[Round "6"]
[White "Kovar, Petr2222"]
[Black "Kotva, Milan"]
[Result "1/2-1/2"]
[WhiteElo "1980"]
[BlackElo "1998"]
[PlyCount "60"]
[EventDate "2016.07.02"]
[EventType "swiss"]
[EventRounds "9"]
[EventCountry "CZE"]
[SourceTitle "EXT 2019"]
[Source "ChessBase"]
[SourceDate "2018.10.10"]
[SourceVersion "1"]
[SourceVersionDate "2018.10.10"]
[SourceQuality "1"]

1. e4 e5 2. Nf3 Nc6 3. d4 exd4 4. Bc4 Nf6 5. e5 d5 6. Bb5 Ne4 7. Nxd4 Bc5 8. Nc3 Nxc3 9. bxc3 Bd7 10. Bxc6 bxc6 11. Nf3 Be7 12. Be3 0-0 13. 0-0 f6 14. Bd4 fxe5 15. Bxe5 Bf6 16. Bd4 Qe8 17. Qd2 Qg6 18. Bc5 Rfe8 19. Nd4 a5 20. Rfe1 Rxe1+ 21. Rxe1 Rb8 22. Qf4 Re8 23. Rxe8+ Qxe8 24. Qe3 Qb8 25. h3 Qe8 26. Qxe8+ Bxe8 27. Kf1 Kf7 28. Ke2 g6 29. a4 Be7 30. Bxe7 Kxe7 1/2-1/2

[Event "Klatovy op-B 22nd"]
[Site "Klatovy"]
[Date "2016.07.02"]
[Round "1"]
[White "Kotva, Milan"]
[Black "Vartazarian, Gor"]
[Result "1-0"]
[WhiteElo "1998"]
[BlackElo "1620"]
[PlyCount "83"]
[EventDate "2016.07.02"]
[EventType "swiss"]
[EventRounds "9"]
[EventCountry "CZE"]
[SourceTitle "EXT 2019"]
[Source "ChessBase"]
[SourceDate "2018.10.10"]
[SourceVersion "1"]
[SourceVersionDate "2018.10.10"]
[SourceQuality "1"]

1. e4 c5 2. c3 d5 3. exd5 Qxd5 4. Nf3 Nc6 5. Na3 Nf6 6. Bc4 Qe4+ 7. Be2 Bg4 8. 0-0 0-0-0 9. Re1 e6 10. d3 Qg6 11. Nc4 Bd6 12. Nxd6+ Rxd6 13. Qb3 Rhd8 14. Be3 Qf5 15. d4 cxd4 16. cxd4 Nd5 17. Rac1 Kb8 18. Bd3 Qh5 19. Nd2 Nxe3 20. fxe3 Qg5 21. Ne4 Qd5 22. Nxd6 Qxb3 23. axb3 Rxd6 24. Rc5 e5 25. d5 Ne7 26. e4 Ng8 27. Rec1 a6 28. b4 Nf6 29. b5 axb5 30. Rxb5 Nd7 31. Rc6 Rf6 32. Rxf6 Nxf6 33. d6 Nd7 34. Bc4 f6 35. h3 Bh5 36. Bd5 b6 37. Bc6 Be8 38. Bxd7 Bxd7 39. Rxb6+ Kc8 40. Kf2 Be6 41. Ke3 Kd7 42. Rb7+ 1-0